Pohjois-Pohjanmaan kunnat - Äkkikuolema - Statistics

Yleistilastot
  • Tätä visaa on pelattu 448 kertaa
  • Keskiarvotulos 17 / 30
Answers on the Grid
Answers color-coded by a green-red scale on the quiz's grid according to % correct below.
Alavieska
Haapajoki
Haapajärvi
Haapavesi
Hailuoto
Ii
Kajaani
Kalajoki
Kannus
Kempele
Kestilä
Kiuruvesi
Kivijärvi
Kokkola
Kuusamo
Kärsämäki
Lestijärvi
Liminka
Lumijoki
Merijärvi
Muhos
Nivala
Oulainen
Oulu
Oulujärvi
Paltamo
Pihtipudas
Posio
Pudasjärvi
Puolanka
Pyhäjoki
Pyhäjärvi
Pyhäntä
Raahe
Rantsila
Ranua
Reisjärvi
Ruka
Sievi
Siikajoki
Siikalatva
Simo
Suomussalmi
Taivalkoski
Toholampi
Tyrnävä
Utajärvi
Vaala
Vieremä
Viitasaari
Ylikiiminki
Ylivieska
 
Vastaustilastot
Vastaus % Oikein
Alavieska
78%
Hailuoto
71%
Haapavesi
69%
Ii
64%
Kempele
64%
Kalajoki
63%
Lumijoki
62%
Raahe
62%
Ylivieska
62%
Nivala
61%
Oulu
61%
Haapajärvi
59%
Tyrnävä
59%
Kärsämäki
58%
Liminka
58%
Oulainen
58%
Siikajoki
58%
Muhos
56%
Pudasjärvi
56%
Pyhäjoki
56%
Kuusamo
55%
Reisjärvi
53%
Siikalatva
52%
Merijärvi
51%
Pyhäjärvi
51%
Taivalkoski
50%
Pyhäntä
47%
Utajärvi
47%
Vaala
46%
Sievi
44%
Ehtoja vastaavia visoja ei löytynyt
Tulosjakauma
Jokaisen tuloksen saaneiden osuus
Persentiili vastausten määrän mukaan
Tuloshistoriasi
Et ole pelannut tätä visaa